| 000 -LEADER |
| fixed length control field |
00618nam a2200205Ia 4500 |
| 020 ## - INTERNATIONAL STANDARD BOOK NUMBER |
| ISBN |
0078287200 |
| 040 ## - CATALOGING SOURCE |
| Transcribing agency |
BGU |
| 082 ## - DEWEY DECIMAL CLASSIFICATION NUMBER |
| Classification number |
909 GLE 2003 A087 Or. |
| 100 1# - MAIN ENTRY--AUTHOR NAME |
| Personal name |
Farah, Mounir |
| 245 10 - TITLE STATEMENT |
| Title |
World history, the human experience : |
| Remainder of title |
the early ages / |
| 250 ## - EDITION STATEMENT |
| Edition statement |
Teacher's wraparound ed |
| 260 ## - PUBLICATION, DISTRIBUTION, ETC. (IMPRINT) |
| Place of publication |
New York, NY : |
| Name of publisher |
Glencoe McGraw-Hill, |
| Year of publication |
c2003 |
| 300 ## - PHYSICAL DESCRIPTION |
| Number of Pages |
1 v. (various pagings) : col. ill., col. maps ; |
| Dimensions |
30 cm |
| 650 #0 - SUBJECT ADDED ENTRY--TOPICAL TERM |
| Topical Term |
World history |
| 650 #0 - SUBJECT ADDED ENTRY--TOPICAL TERM |
| Topical Term |
Social sciences |
| 700 1# - ADDED ENTRY--PERSONAL NAME |
| Personal name |
Karls, Andrea Berens |
| 710 2# - ADDED ENTRY--CORPORATE NAME |
| Corporate name or jurisdiction name as entry element |
Glencoe/McGraw-Hill |
| 710 2# - ADDED ENTRY--CORPORATE NAME |
| Corporate name or jurisdiction name as entry element |
National Geographic Society (U.S.) |
| 942 ## - ADDED ENTRY ELEMENTS (KOHA) |
| Koha item type |
សៀវភៅភាសាអង់គ្លេស |
| 952 ## - LOCATION AND ITEM INFORMATION (KOHA) |
| Withdrawn status [LOCAL, KOHA] |
0 |